Normal view
MARC view
- Dikshit Sheila
Entry Personal Name
001 - CONTROL NUMBER
- control field: 7819
003 - CONTROL NUMBER IDENTIFIER
- control field: OSt
005 - DATE AND TIME OF LATEST TRANSACTION
- control field: 20241204105440.0
008 - FIXED-LENGTH DATA ELEMENTS
- fixed length control field: 241204|| aca||aabn | a|a d
040 ## - CATALOGING SOURCE
- Original cataloging agency: OSt
- Transcribing agency: OSt
100 ## - HEADING--PERSONAL NAME
- Personal name: Dikshit Sheila
670 ## - SOURCE DATA FOUND
- Source citation: Work cat.: (OSt)12721: Dikshit Sheila, Citizen Delhi My Times, My Life, Bloomsbury India